La liquidation de la Paise de Versailles (Record no. 123395)

MARC details
000 -LEADER
campo de control de longitud fija 00628nam a2200181 4500
001 - NÚMERO DE CONTROL
campo de control 123395
003 - IDENTIFICADOR DE NÚMERO DE CONTROL
campo de control ES-MaACL
005 - FECHA Y HORA DE LA ÚLTIMA TRANSACCIÓN
campo de control 20250602063224.0
007 - CAMPO FIJO DE DESCRIPCIÓN FÍSICA--INFORMACIÓN GENERAL
campo de control de longitud fija t|
008 - DATOS DE LONGITUD FIJA--INFORMACIÓN GENERAL
campo de control de longitud fija 070214q1922 gw r ||||1| spa d
100 0# - ENTRADA PRINCIPAL--NOMBRE DE PERSONA
Nombre de persona Radek, Karl,
Fechas asociadas al nombre 1885-1939
9 (RLIN) 94914
245 13 - MENCIÓN DEL TÍTULO
Título La liquidation de la Paise de Versailles
Resto del título : raport au 4ème Congrès de l'Internationale Communiste /
Mención de responsabilidad, etc. Karl Radek.
260 ## - PUBLICACIÓN, DISTRIBUCIÓN, ETC.
Lugar de publicación, distribución, etc. Hamburg :
Nombre del editor, distribuidor, etc. L'International Communiste,
Fecha de publicación, distribución, etc. 1922.
300 ## - DESCRIPCIÓN FÍSICA
Extensión 66 p.
711 1# - ENTRADA AGREGADA--NOMBRE DE REUNIÓN
Nombre de congreso/reunión o jurisdicción como elemento de entrada Congrès de l'Internationale Communiste (
Sede del congreso/Lugar de la reunión Hamburgo? (
Fecha del congreso o de la firma del tratado 1922? (
Número del congreso/reunión o número de parte o sección . 4º)
9 (RLIN) 231
852 ## - LOCALIZACIÓN
Ubicación ES-MaACL
Número de control de estantería 1652-F-2
Holdings
Estatus retirado Estado de pérdida Estado de daño No para préstamo Colección Biblioteca de origen Biblioteca actual Ubicación en estantería Fecha de adquisición Fuente de adquisición Total de préstamos Signatura topográfica completa Código de barras Visto por última vez Precio de reemplazo Tipo de ítem Koha
        Colección de folletos Biblioteca del Ateneo de Madrid Biblioteca del Ateneo de Madrid Depósito folletos 17/01/2008     1652-F-2 1128568 23/02/2023 23/02/2023 Folleto